000 00641nam a2200205 i 4500
001 52253
003 ES-MaACL
005 20250828022657.0
007 t|
008 030827s1971 sp ||||1| spa d
100 1 _aChumillas, José.
_938697
245 1 3 _aEl despertar religioso
_b: catequesis en familia para la edad maternal... 6 a 7 años /
_cJosé Chumillas.
260 _aMadrid :
_bMarova,
_c[1971]
300 _a75 p. ;
_c21 cm.
597 _aCuadernillos sueltos.
650 0 4 _aCatequesis
_910853
650 7 _aEducación cristiana de niños
_2embne
_9166197
852 _aES-MaACL
_jC-46218
999 _c52253
_d52253